[Event "AUTO-ELITE-1748"]
[Site "http://www.queenalice.com/game.php?id=1446733"]
[Date "2016.10.21"]
[Round "1"]
[White "choto"]
[Black "C64"]
[Result "0-1"]
[WhiteElo "2296"]
[BlackElo "2618"]

1. e4 c5 2. Nf3 d6 3. d4 cxd4 4. Nxd4 Nf6 5. Nc3 a6 6. Be3 e5 7. Nb3 Be6 8. f3
h5 9. Nd5 Bxd5 10. exd5 Nbd7 11. Qd2 g6 12. O-O-O Nb6 13. Qa5 Bh6 14. Bxh6 Rxh6
15. g3 Nbd7 16. f4 Qxa5 17. Nxa5 O-O-O 18. Nc4 Kc7 19. fxe5 Nxe5 20. Be2 Re8 21.
Rd4 Nfd7 22. Nxe5 Rxe5 23. Kd2 Rh8 24. Rf1 Rhe8 25. Rc4+ Kb6 26. Bf3 f5 27. b3
Nf6 28. Rd4 R8e7 29. Rb4+ Ka7 30. Rd4 b5 31. a4 Kb6 32. axb5 axb5 33. Kc1 Ng4
34. h4 Re1+ 35. Rxe1 Rxe1+ 36. Kd2 Rg1 37. Bxg4 hxg4 38. Rd3 Kc5 39. Rc3+ Kxd5
40. Ke2 Rg2+ 41. Kd1 Ke4 42. Kc1 b4 43. Rd3 d5 44. Kb1 Rg1+ 45. Kb2 f4 46. gxf4
Rh1 47. Rd2 g3 48. f5 gxf5 49. Rg2 Kf3 50. Rxg3+ Kxg3 51. c4 f4 52. cxd5 Rh2+
53. Kc1 f3 54. d6 f2 55. Kd2 f1=Q+ 0-1

[Event "AUTO-ELITE-1748"]
[Site "http://www.queenalice.com/game.php?id=1446738"]
[Date "2016.10.21"]
[Round "1"]
[White "choto"]
[Black "josekasparov"]
[Result "0-1"]
[WhiteElo "2294"]
[BlackElo "2344"]

1. e4 c5 2. Nf3 d6 3. d4 cxd4 4. Nxd4 Nf6 5. Nc3 g6 6. Be3 Bg7 7. f3 Nc6 8. Qd2
O-O 9. O-O-O d5 10. exd5 Nxd5 11. Nxc6 bxc6 12. Bd4 e5 13. Bc5 Be6 14. Ne4 Rb8
15. c4 Qc7 16. Bd6 Qb6 17. Bxf8 Bxf8 18. Kb1 Bh6 19. c5 Qb7 20. Qe2 f5 21. Rxd5
cxd5 22. Nd6 Qe7 23. Qc2 Bg7 24. Qa4 e4 25. Bb5 Qf6 26. Qb3 a6 27. fxe4 dxe4 28.
Qxe6+ Qxe6 29. Bc4 Rxb2+ 30. Kc1 Qxc4+ 31. Nxc4 Rb5 32. Kc2 Rxc5 33. Kb3 Rb5+
34. Ka4 Bc3 35. a3 f4 36. Rc1 Be5 37. Rc2 e3 38. g3 g5 39. gxf4 gxf4 40. Rc1 Kf7
41. Rc2 Ke6 42. Nxe5 Kxe5 43. h4 f3 44. Rc8 f2 45. Re8+ Kd4 46. Rd8+ Ke4 47.
Re8+ Re5 48. Rb8 f1=Q 49. Rb4+ Kd5 50. Ka5 Kc6+ 0-1

[Event "AUTO-ELITE-1748"]
[Site "http://www.queenalice.com/game.php?id=1446739"]
[Date "2016.10.21"]
[Round "1"]
[White "josekasparov"]
[Black "choto"]
[Result "1-0"]
[WhiteElo "2356"]
[BlackElo "2284"]

1. d4 Nf6 2. c4 e6 3. Nf3 d5 4. Nc3 Bb4 5. e3 O-O 6. Bd3 c5 7. O-O cxd4 8. exd4
dxc4 9. Bxc4 b6 10. Qe2 Bb7 11. Bg5 Nbd7 12. Ne5 Bxc3 13. bxc3 Qc7 14. Nxd7 Nxd7
15. Rac1 h6 16. Bd2 Nf6 17. Rfe1 Rfd8 18. Bd3 Rd5 19. Be3 Rh5 20. h3 b5 21. Rb1
a6 22. c4 bxc4 23. Bxc4 Be4 24. Rbc1 Qd6 25. Qd2 Rd8 26. Be2 Rd5 27. Qc3 Re8 28.
a4 Qb6 29. Qc6 Qxc6 30. Rxc6 Ra5 31. Rxa6 Rxa6 32. Bxa6 Bc6 33. Bb5 Bxb5 34.
axb5 Re7 35. Bf4 Rb7 36. Rb1 Nd5 37. Bd2 Nb6 38. Bb4 Nd5 39. Bc5 Nc3 40. Rb3
Nxb5 41. Kf1 f6 42. Ke1 Kf7 43. Kd2 g5 44. Kd3 Nd6 45. Ra3 Nc8 46. g3 Ne7 47.
Ra8 Nd5 48. Ra7 Rxa7 49. Bxa7 Kg6 50. Ke4 h5 51. Bb8 Nc3+ 52. Kd3 Nd5 53. Ke4
Nc3+ 54. Kd3 Nd1 55. Ke2 Nc3+ 56. Kd3 Nd5 57. Ke4 f5+ 58. Ke5 Kf7 59. Kd6 g4 60.
hxg4 hxg4 61. Kd7 Nf6+ 62. Kc6 Ne4 63. Ba7 Nxf2 64. d5 Nh1 65. d6 Nxg3 66. d7 f4
67. d8=Q Nf5 68. Qg5 Ne7+ 69. Kd7 Nf5 70. Qxg4 Kf6 71. Qxf4 Kg6 72. Bd4 Nxd4 73.
Qxd4 Kf5 74. Kd6 1-0

[Event "AUTO-ELITE-1615"]
[Site "http://www.queenalice.com/game.php?id=1472010"]
[Date "2017.4.5"]
[Round "3"]
[White "hepre"]
[Black "choto"]
[Result "0-1"]
[WhiteElo "2265"]
[BlackElo "2257"]

1. e4 e5 2. Nf3 d6 3. d4 exd4 4. Nxd4 Nf6 5. Nc3 Be7 6. Be2 O-O 7. O-O Re8 8. f4
Bf8 9. Bf3 c5 10. Nb3 c4 0-1

[Event "AUTO-ELITE-1615"]
[Site "http://www.queenalice.com/game.php?id=1472014"]
[Date "2017.4.5"]
[Round "3"]
[White "choto"]
[Black "scaccomatto"]
[Result "0-1"]
[WhiteElo "2274"]
[BlackElo "2602"]

1. e4 c5 2. Nf3 d6 3. Bb5+ Bd7 4. Bxd7+ Qxd7 5. c4 Nc6 6. Nc3 g6 7. d4 cxd4 8.
Nxd4 Bg7 9. Be3 Nf6 10. f3 O-O 11. O-O a6 12. a4 Qc7 13. b3 Nd7 14. Rf2 Rac8 15.
Nxc6 bxc6 16. Rc1 Rb8 17. Ne2 Ne5 18. Rb1 Rb4 19. Qc2 Rfb8 20. Bd2 R4b7 21. Kh1
d5 22. Bf4 dxc4 23. Bxe5 Qxe5 24. Qxc4 Rb4 25. Qxc6 Rxb3 26. Rc1 R3b6 27. Qd7
Bh6 28. Re1 Qa5 29. Rff1 R6b7 30. Qd3 Qxa4 31. Ra1 Qb5 32. Qc2 Bg7 33. Rac1 Bb2
34. Rb1 e5 35. Rbd1 a5 36. Rd5 Qa6 37. Rd3 a4 38. Qd1 a3 39. Nc1 Bd4 40. Rd2 Rb1
41. g3 R8b2 42. Rff2 Bxf2 43. Rd6 Qxd6 44. Qxd6 Bd4 45. Qc7 Kg7 46. f4 a2 47.
fxe5 a1=Q 0-1

[Event "AUTO-ELITE-1615"]
[Site "http://www.queenalice.com/game.php?id=1472015"]
[Date "2017.4.5"]
[Round "3"]
[White "scaccomatto"]
[Black "choto"]
[Result "1-0"]
[WhiteElo "2604"]
[BlackElo "2272"]

1. e4 c5 2. Nf3 d6 3. d4 cxd4 4. Nxd4 Nf6 5. Nc3 a6 6. Be3 Ng4 7. Bg5 h6 8. Bh4
g5 9. Bg3 Bg7 10. Be2 h5 11. h4 gxh4 12. Bxh4 Nc6 13. Nb3 Be6 14. Qd2 Rc8 15. f3
Bh6 16. Bg5 Bxg5 17. Qxg5 Nf6 18. Qd2 Rg8 19. Bf1 Rg7 20. O-O-O Bxb3 21. cxb3
Qb6 22. Kb1 Rg8 23. Nd5 Nxd5 24. exd5 Ne5 25. Rxh5 Qc7 26. Bd3 Nxd3 27. Qxd3 Kd8
28. g4 Rf8 29. f4 Qd7 30. Rh4 a5 31. f5 a4 32. g5 axb3 33. axb3 Rg8 34. Rh7 Qe8
35. Qe3 Rf8 36. Qb6+ Rc7 37. Rc1 Qd7 38. g6 fxg6 39. f6 Kc8 40. Rxe7 Rxc1+ 41.
Kxc1 Rxf6 42. Rxd7 Kxd7 43. Qxb7+ Ke8 44. b4 Rf1+ 45. Kc2 Rf2+ 46. Kb3 Kf8 47.
Qb8+ Kg7 48. Qxd6 Kh7 49. Qe7+ 1-0

[Event "Challenge"]
[Site "http://www.queenalice.com/game.php?id=1478017"]
[Date "2017.5.13"]
[Round "-"]
[White "fontaine"]
[Black "choto"]
[Result "1-0"]
[WhiteElo "2677"]
[BlackElo "2268"]

1. e4 c5 2. Nf3 d6 3. c3 Nf6 4. Qc2 e6 5. d4 d5 6. e5 Ne4 7. Bd3 cxd4 8. Bxe4
dxe4 9. Qxe4 Bd7 10. Qxd4 Bc6 11. Qxd8+ Kxd8 12. Be3 Nd7 13. Nbd2 h5 14. O-O Kc7
15. Ng5 Nxe5 16. Bf4 f6 17. Nf7 Rh7 18. Rad1 Kc8 19. Bxe5 fxe5 20. Rfe1 Be7 21.
Nxe5 Ba4 22. Nb3 Kc7 23. Rd4 Bb5 24. a4 Be8 25. Rc4+ Kb8 26. Rd1 a5 27. Nd7+ Ka7
28. Rc7 Ka6 29. h4 Rh8 30. Re1 Rh6 31. Re5 b6 32. Nxb6 Kxb6 33. Rxe7 Bxa4 34.
Nd4 Rd8 35. R5xe6+ Rxe6 36. Rxe6+ Kb7 37. Re7+ Rd7 38. Re5 Bc6 39. Rxh5 Kb6 40.
Rg5 Bb7 41. Rg6+ Ka7 42. h5 Be4 43. Rd6 Rxd6 44. Nb5+ Kb6 45. Nxd6 Bd5 46. Nf5
a4 47. Nxg7 Kc5 48. h6 Be4 49. f4 Bg6 50. f5 Bh7 51. g4 Kc4 52. f6 Bg6 53. h7
Bxh7 54. f7 Kb3 55. f8=Q Kxb2 56. Qb4+ Kc2 57. Qxa4+ Kxc3 58. Nf5 Bg8 59. Qa3+
Kc4 60. Qa2+ Kc5 61. Qxg8 1-0

[Event "Challenge"]
[Site "http://www.queenalice.com/game.php?id=1478018"]
[Date "2017.5.13"]
[Round "-"]
[White "choto"]
[Black "fontaine"]
[Result "0-1"]
[WhiteElo "2269"]
[BlackElo "2673"]

1. e4 c6 2. Bc4 d5 3. Bb3 dxe4 4. Qh5 g6 5. Qh4 Nf6 6. Nc3 a5 7. Nxe4 a4 8.
Nxf6+ exf6 9. Bc4 Bd6 10. Nf3 O-O 11. O-O Ra5 12. Qd4 Rf5 13. Qa7 Re8 14. Bd3
Rxf3 15. gxf3 Qd7 16. Qe3 Rxe3 17. fxe3 Bxh2+ 18. Kf2 Qh3 19. Ke2 Bg3 20. Kd1
Qh2 21. c3 Bh3 22. Kc2 Bxf1 23. Bxf1 Qf2 24. Bc4 Qxf3 25. d4 h5 26. Bd2 h4 27.
Rf1 Qe4+ 28. Bd3 Qg2 29. Rd1 h3 30. c4 h2 31. Kc3 Bf2 32. Bc1 h1=Q 33. Rxh1 Qxh1
34. Bd2 Qg1 35. d5 Bxe3 36. a3 Bxd2+ 37. Kxd2 Qd4 38. Ke2 Qxb2+ 39. Ke3 cxd5 0-1

[Event "AUTO-ELITE-1856"]
[Site "http://www.queenalice.com/game.php?id=1487566"]
[Date "2017.7.26"]
[Round "1"]
[White "chizo"]
[Black "choto"]
[Result "0-1"]
[WhiteElo "2347"]
[BlackElo "2294"]

1. e4 c5 2. Nf3 d6 3. d4 cxd4 4. Nxd4 Nf6 5. Nc3 a6 6. Bg5 e6 7. f4 Be7 8. Qf3
Qc7 9. O-O-O Nbd7 10. g4 b5 11. a3 Rb8 12. Bxf6 Nxf6 13. f5 e5 14. Nb3 Bb7 15.
g5 Nd7 16. Rg1 h6 17. f6 gxf6 18. g6 fxg6 19. Rxg6 Nb6 20. Bh3 Na4 21. Nxa4 bxa4
22. Nd2 Rf8 23. Qh5 Kd8 24. Qxh6 Bc6 25. Rg7 Bb5 26. Qe3 Qb6 27. Qc3 Rh8 28. Be6
Qc6 29. Qe3 Ke8 30. Rdg1 Qb7 31. Bd5 Qb6 32. Qg3 Rf8 33. Qf3 Kd8 34. R1g3 Be2
35. Qc3 f5 36. exf5 Rxf5 37. Rg8+ Rf8 38. Ne4 Rc8 39. Qe1 Qxb2+ 40. Kd2 Rxc2+
41. Ke3 Qd4# 0-1

[Event "AUTO-ELITE-1856"]
[Site "http://www.queenalice.com/game.php?id=1487567"]
[Date "2017.7.26"]
[Round "1"]
[White "choto"]
[Black "chizo"]
[Result "1-0"]
[WhiteElo "2308"]
[BlackElo "2333"]

1. e4 c5 2. Nf3 d6 3. d4 cxd4 4. Nxd4 Nf6 5. Nc3 a6 6. Bg5 h6 7. Bxf6 gxf6 8.
Bc4 e6 9. Qh5 Qe7 10. O-O-O Nc6 11. Nf5 Qc7 12. Rhe1 Ne5 13. Bb3 b5 14. f4 exf5
15. fxe5 fxe5 16. Bd5 Ra7 17. exf5 Qd7 18. g4 Qc7 19. Ne4 a5 20. Ng5 hxg5 21.
Qxh8 a4 22. Qf6 Qa5 23. Bc6+ Bd7 24. c3 Bxc6 25. Rxe5+ Kd7 26. Qxf7+ Kc8 27.
Qxf8+ Qd8 28. Qxd8+ Kxd8 29. Rxd6+ Kc7 30. Re7+ Kxd6 31. Rxa7 Bd5 32. f6 Bxa2
33. f7 Bxf7 34. Rxf7 Ke6 35. Rf5 b4 36. cxb4 Kd6 37. Rxg5 Ke6 38. h4 Kd6 39. h5
Ke6 40. h6 Kf6 41. Rh5 1-0

[Event "AUTO-ELITE-1856"]
[Site "http://www.queenalice.com/game.php?id=1487572"]
[Date "2017.7.26"]
[Round "1"]
[White "Tecodamara"]
[Black "choto"]
[Result "1-0"]
[WhiteElo "2713"]
[BlackElo "2267"]

1. d4 Nf6 2. c4 e6 3. Nc3 Bb4 4. e3 O-O 5. Bd3 d5 6. Nf3 c5 7. O-O Nc6 8. cxd5
exd5 9. dxc5 Bxc5 10. h3 a6 11. b3 Qe7 12. Bb2 Rd8 13. Ne2 Ne4 14. Rc1 Bd6 15.
Bb1 Be6 16. Nfd4 Rdc8 17. Nxe6 Qxe6 18. Nf4 Bxf4 19. exf4 Rd8 20. Qh5 f5 21.
Rfe1 Qg6 22. Qxg6 hxg6 23. f3 Nf6 24. g4 d4 25. gxf5 Nd5 26. Kh2 gxf5 27. Bxf5
Nxf4 28. Re4 Nd3 29. Be6+ Kh7 30. Rh4+ Kg6 31. Rxc6 bxc6 32. Bxd4 Rxd4 33. Rxd4
Kf6 34. Bd7 Nc1 35. Ra4 Rd8 36. Rxa6 Nxa2 37. Rxc6+ Ke5 38. Bg4 Rb8 39. Kg3 Rxb3
40. Re6+ Kd4 41. Re7 Nc3 42. Rxg7 Ne2+ 43. Kf2 Nc3 44. Re7 Rb2+ 45. Kg3 Ne2+ 46.
Kh4 Ra2 47. Kg5 Ra5+ 48. Kf6 Nc3 49. Kf7 Nd5 50. Re4+ Kd3 51. h4 Ne3 52. Re6 Ra4
53. h5 Nxg4 54. fxg4 Rxg4 55. h6 Rh4 56. Kg7 Re4 57. Rxe4 Kxe4 58. h7 Kd3 59.
h8=Q Kd4 60. Kf6 Kc5 61. Qh4 Kb5 62. Qd4 Kc6 63. Qe5 1-0

[Event "AUTO-ELITE-1856"]
[Site "http://www.queenalice.com/game.php?id=1487573"]
[Date "2017.7.26"]
[Round "1"]
[White "choto"]
[Black "Tecodamara"]
[Result "0-1"]
[WhiteElo "2266"]
[BlackElo "2714"]

1. e4 c5 2. Nf3 e6 3. d4 cxd4 4. Nxd4 Nf6 5. Nc3 Nc6 6. Ndb5 Bb4 7. a3 Bxc3+ 8.
Nxc3 d5 9. exd5 Nxd5 10. Nxd5 exd5 11. Bd3 Qe7+ 12. Qe2 Qxe2+ 13. Bxe2 Bf5 14.
Bd1 O-O 15. O-O Rfe8 16. g4 Be4 17. f3 Bg6 18. Bf4 d4 19. Kf2 Rac8 20. Rc1 h5
21. gxh5 Bxh5 22. Be2 Bg6 23. Rg1 Ne7 24. Be5 Red8 25. Rgd1 Nc6 26. Bf4 Bf5 27.
Re1 f6 28. Bc4+ Kh7 29. Bd3 Bxd3 30. cxd3 a5 31. b3 Rd5 32. a4 Rcd8 33. Rc4 g5
34. Bg3 Kg6 35. Re6 Kf7 36. Re1 R8d7 37. Kg2 Nb4 38. Rd1 b5 39. Rcc1 Re7 40. Be1
Re2+ 41. Kg3 Na6 42. axb5 Rxb5 43. Ra1 Nc7 44. Ra4 Ne6 45. h3 Nf4 46. Bf2 Rxb3
47. Rxd4 Rbb2 48. Rf1 Red2 49. Rd7+ Kg6 50. Rd8 a4 51. Rg8+ Kf5 52. Rd8 a3 53.
d4 a2 54. Ra8 Nd3 55. Ra5+ Kg6 56. h4 gxh4+ 57. Kh3 Nxf2+ 58. Kxh4 Rb1 59. Rxa2
Rxd4+ 60. Kg3 Rxf1 61. Rxf2 Rxf2 62. Kxf2 Kf5 0-1

[Event "AUTO-ELITE-1913"]
[Site "http://www.queenalice.com/game.php?id=1508450"]
[Date "2017.12.18"]
[Round "1"]
[White "chego"]
[Black "choto"]
[Result "1-0"]
[WhiteElo "2348"]
[BlackElo "2334"]

1. e4 c5 2. Nf3 d6 3. d4 cxd4 4. Nxd4 Nf6 5. Nc3 a6 6. Bg5 e6 7. f4 Be7 8. Qf3
Qc7 9. O-O-O Nbd7 10. g4 h6 11. Bxf6 Bxf6 12. h4 Qc5 13. Nce2 Nb6 14. g5 Bd8 15.
Kb1 Bd7 16. Nc3 Na4 17. Nxa4 Bxa4 18. b3 Bxb3 19. Rg1 Ba4 20. Nb3 Qb4 21. gxh6
gxh6 22. f5 exf5 23. Qxf5 Bxh4 24. e5 Bd7 25. Qh5 Be7 26. Rg7 Rf8 27. Bh3 Bxh3
28. Qxh3 d5 29. e6 Bf6 30. exf7+ Rxf7 31. Rg8+ Rf8 32. Qf5 Qe7 33. Qh5+ Kd7 34.
Nc5+ Kc7 35. Qxd5 Kb6 36. Nd7+ Ka7 37. Rxf8 Rxf8 38. Nxf8 Qxf8 39. Qd6 Be7 40.
Qd4+ Bc5 41. Qe5 Ba3 42. Qd4+ Kb8 43. Ka1 b5 44. Qb6+ Ka8 45. Rd8+ 1-0

[Event "AUTO-ELITE-1913"]
[Site "http://www.queenalice.com/game.php?id=1508451"]
[Date "2017.12.18"]
[Round "1"]
[White "choto"]
[Black "chego"]
[Result "1-0"]
[WhiteElo "2321"]
[BlackElo "2361"]

1. e4 c5 2. Nf3 d6 3. d4 Nf6 4. Nc3 cxd4 5. Nxd4 Nc6 6. Bg5 a6 7. Qd2 Qb6 8. Nb3
h6 9. Be3 Qc7 10. Nd5 Nxd5 11. exd5 Ne5 12. Bd4 Bd7 13. O-O-O Ng4 14. Qa5 Qc8
15. Qb6 Rb8 16. f3 Nf6 17. Bxf6 gxf6 18. Re1 e5 19. Kb1 Qd8 20. Qa7 h5 21. Re4
Be7 22. Be2 h4 23. Rg1 a5 24. Qxa5 Qxa5 25. Nxa5 Bd8 26. Nb3 Bb6 27. Re1 f5 28.
Rb4 Bf2 29. Rf1 Ba7 30. Rd1 f4 31. a4 Ke7 32. h3 Be3 33. a5 b6 34. axb6 Rxb6 35.
Rxb6 Bxb6 36. Nd2 Rg8 37. Bf1 Be3 38. Ne4 Bf5 39. b4 Bxe4 40. fxe4 f5 41. exf5
Kf6 42. c4 Rxg2 43. Bxg2 Kxf5 44. c5 1-0

[Event "AUTO-ELITE-1913"]
[Site "http://www.queenalice.com/game.php?id=1508456"]
[Date "2017.12.18"]
[Round "1"]
[White "choto"]
[Black "trompmaster"]
[Result "1-0"]
[WhiteElo "2265"]
[BlackElo "2344"]

1. e4 d6 2. d4 Nd7 3. Nf3 h6 4. Bd3 g5 5. Be3 Bg7 6. Nc3 Nf8 7. h3 Ng6 8. Qd2 c6
9. O-O-O Qa5 10. e5 Be6 11. d5 cxd5 12. Bxg6 fxg6 13. Nd4 Bc8 14. exd6 a6 15.
Qd3 Bf5 16. Nxf5 gxf5 17. Qxf5 Nf6 18. Qg6+ Kf8 19. dxe7+ Kg8 20. Bd4 Ne8 21.
Rhe1 Rh7 22. Qe6+ Kh8 23. Qf7 1-0

[Event "AUTO-ELITE-1913"]
[Site "http://www.queenalice.com/game.php?id=1508457"]
[Date "2017.12.18"]
[Round "1"]
[White "trompmaster"]
[Black "choto"]
[Result "0-1"]
[WhiteElo "2369"]
[BlackElo "2279"]

1. g4 d5 2. h3 e5 3. Bg2 c6 4. d3 Ne7 5. Nd2 Ng6 6. Nf1 Nh4 7. Rh2 h5 8. gxh5
Nxg2+ 9. Rxg2 Rxh5 10. Rh2 Bd6 11. Ng3 Rh7 12. c3 Na6 13. Qd2 f5 14. Qg5 Qf6 15.
Qxf6 gxf6 16. h4 f4 17. Nf1 Bg4 18. Nd2 f3 19. e4 Nc5 20. Ngxf3 Nxd3+ 21. Ke2
Nc5 22. Ke3 dxe4 23. Ne1 Bf8 24. f3 Bh6+ 25. Ke2 exf3+ 26. Kf2 Rd8 27. Nb3 Ne4+
28. Kg1 Bxc1 29. Nxc1 Ng3 30. Ncd3 e4 31. Nf2 Rg7 32. Rd1 Ne2+ 33. Kh1 Bf5 0-1

[Event "AUTO-ELITE-1913"]
[Site "http://www.queenalice.com/game.php?id=1527035"]
[Date "2018.5.12"]
[Round "2"]
[White "grotegeest"]
[Black "choto"]
[Result "1-0"]
[WhiteElo "2634"]
[BlackElo "2322"]

1. e4 c5 2. Nf3 d6 3. d4 cxd4 4. Nxd4 Nf6 5. Nc3 a6 6. Bg5 e6 7. f4 Qb6 8. Qd2
Nc6 9. Bxf6 gxf6 10. Nb3 Bd7 11. O-O-O O-O-O 12. Be2 h5 13. Rhf1 Be7 14. Rf3
Rdg8 15. Bf1 Kb8 16. Kb1 Bc8 17. a3 h4 18. Na4 Qg1 19. Bb5 Qxg2 20. Rf2 Qxe4 21.
Nc3 Qf5 22. Bxc6 bxc6 23. Nd4 Qc5 24. Na4 Qd5 25. Nb6 Qc5 26. Rf3 Qxb6 27. Rb3
Qxb3 28. Nxc6+ Kb7 29. cxb3 Kxc6 30. Rc1+ Kd7 31. Qc3 Bb7 32. Qc7+ Ke8 33. Qxb7
Bd8 34. Rc8 d5 35. Qc7 Kf8 36. Rxd8+ Kg7 37. Rd7 Rf8 38. Qd6 Kg6 39. Qxa6 Rfg8
40. f5+ exf5 41. Qf1 Rh5 42. a4 Rg5 43. a5 d4 44. a6 d3 45. a7 Rf8 46. Qh1 f4
47. a8=Q Rxa8 48. Qxa8 Re5 49. Qg8+ Kf5 50. Qxf7 h3 51. Rxd3 Kg5 52. Rxh3 Re1+
53. Kc2 Kf5 54. Qh5+ Ke4 55. Qe8+ 1-0

[Event "AUTO-ELITE-1913"]
[Site "http://www.queenalice.com/game.php?id=1527036"]
[Date "2018.5.12"]
[Round "2"]
[White "choto"]
[Black "grotegeest"]
[Result "0-1"]
[WhiteElo "2308"]
[BlackElo "2665"]

1. e4 c5 2. Nf3 d6 3. d4 cxd4 4. Nxd4 Nf6 5. Nc3 g6 6. Be3 Bg7 7. f3 O-O 8. Qd2
Nc6 9. Bc4 Bd7 10. O-O-O Qb8 11. Nd5 Nxd5 12. Bxd5 Rc8 13. h4 e6 14. Bxc6 bxc6
15. Nb3 c5 16. Qxd6 c4 17. Qxb8 Raxb8 18. Nd4 Rb7 19. h5 Rcb8 20. b3 cxb3 21.
axb3 a5 22. hxg6 hxg6 23. Kd2 a4 24. bxa4 Bxa4 25. f4 e5 26. fxe5 Bxe5 27. Nf3
Bg7 28. Bd4 Rc7 29. Rc1 f6 30. Kd3 Re7 31. Nd2 Rd8 32. c3 f5 33. Rb1 Bc6 34.
exf5 gxf5 35. Rh5 Bxd4 36. cxd4 Rg7 37. Rxf5 Rg3+ 38. Kc4 Rg4 39. Kc5 Rc8 40.
Kb6 Rg6 41. Ka5 Rxg2 42. Rb3 Bd7 43. Rf1 Be8 44. Rf4 Bf7 45. Rb2 Ra8+ 46. Kb4
Rb8+ 47. Ka3 Rxb2 48. Kxb2 Rxd2+ 49. Kc3 Rg2 50. Rf1 Kf8 51. Re1 Kg7 52. Rf1 Ra2
53. Re1 Kf6 54. Re4 Bg6 55. Kb3 Ra1 56. Re3 Rc1 57. Kb4 Bf7 58. Kb5 Rc8 59. Re4
Bc4+ 60. Kb6 Bd5 61. Re5 Bg8 62. Re2 Rc4 63. Re4 Kf5 64. Rh4 Bd5 65. Kb5 Rc2 66.
Kb4 Kg5 67. Rh7 Kf4 68. Re7 Rc4+ 69. Kb5 Rxd4 70. Kc5 Rd1 71. Re8 Be4 72. Rg8
Rd5+ 0-1

[Event "AUTO-ELITE-1913"]
[Site "http://www.queenalice.com/game.php?id=1527039"]
[Date "2018.5.12"]
[Round "2"]
[White "choto"]
[Black "chego"]
[Result "0-1"]
[WhiteElo "2319"]
[BlackElo "2352"]

1. e4 c5 2. Nf3 d6 3. d3 Nc6 4. g3 g6 5. Bg2 Bg7 6. O-O e5 7. c3 Nge7 8. a3 O-O
9. Be3 Qb6 10. Nbd2 Be6 11. Qc2 h6 12. a4 Qd8 13. Kh1 f5 14. Bh3 g5 15. exf5
Nxf5 16. Kg1 Rf7 17. Qb1 Qe7 18. Bxf5 Bxf5 19. Ne1 d5 20. f3 c4 21. a5 Qe6 22.
g4 Bh7 23. Ra4 Rd8 24. Qa2 cxd3 25. Ng2 Re8 26. Bc5 d4 27. Qxe6 Rxe6 28. h4 dxc3
29. bxc3 e4 30. hxg5 Bxc3 31. Nxe4 Bxe4 32. Rxe4 Rxe4 33. fxe4 Rxf1+ 34. Kxf1
hxg5 35. Be3 Nxa5 36. Bxa7 Nc4 37. Ne3 Nxe3+ 38. Bxe3 b5 39. Bxg5 b4 40. Bc1 b3
41. Ba3 b2 42. Bxb2 Bxb2 43. Kf2 Bc1 44. Kf3 Kf7 45. Kf2 Kf6 46. e5+ Kxe5 47. g5
Bxg5 48. Kf3 d2 49. Ke2 Ke4 50. Kd1 Kf3 51. Kc2 Ke2 52. Kb3 d1=Q+ 53. Kc4 Qd7
54. Kc5 Kd3 55. Kb4 Qb7+ 56. Ka5 Kc4 57. Ka4 Qa6# 0-1

[Event "AUTO-ELITE-1913"]
[Site "http://www.queenalice.com/game.php?id=1527040"]
[Date "2018.5.12"]
[Round "2"]
[White "chego"]
[Black "choto"]
[Result "0-1"]
[WhiteElo "2363"]
[BlackElo "2307"]

1. e4 c5 2. Nf3 d6 3. d3 Nc6 4. g3 g6 5. Bg2 Bg7 6. O-O e5 7. c3 Nge7 8. a3 O-O
9. b4 b6 10. Be3 d5 11. bxc5 Ba6 12. Re1 dxe4 13. dxe4 bxc5 14. Nbd2 Qc7 15. Nb3
Rfd8 16. Nfd2 c4 17. Nc5 Bc8 18. Qc2 Nd4 19. cxd4 exd4 20. Bg5 Qxc5 21. e5 Rb8
22. Qxc4 Qxc4 23. Nxc4 Kf8 24. Nd6 d3 25. Rad1 Rb3 26. Nxc8 Rxc8 27. Be4 Rd8 28.
Re3 h6 29. Bxe7+ Kxe7 30. a4 Bxe5 31. Bxd3 Kf8 32. Rxe5 Rbxd3 33. Rxd3 Rxd3 34.
Kf1 Rb3 35. h4 h5 36. Ke2 Kg7 37. Re7 Rb2+ 38. Kf3 a6 39. Re5 Rb3+ 40. Re3 Rb6
41. Re4 Kf6 42. Ke3 Kf5 43. Rf4+ Ke6 44. Rd4 Rb3+ 45. Kf4 f6 46. Re4+ Kd6 47.
Rd4+ Ke6 48. Rc4 Kd5 49. Rc8 Ra3 50. Rd8+ Kc5 51. Rc8+ Kd5 52. Rd8+ Kc5 53. Rc8+
Kd5 54. g4 Rxa4+ 55. Ke3 Rxg4 56. Rg8 Ke5 57. f3 Rxh4 58. Rxg6 a5 59. Rg8 Ra4
60. Rh8 h4 61. Re8+ Kd6 62. Rh8 Rb4 63. Re8 a4 64. Rh8 Ke5 0-1

[Event "AUTO-ELITE-2160"]
[Site "http://www.queenalice.com/game.php?id=1585765"]
[Date "2019.10.5"]
[Round "1"]
[White "choto"]
[Black "preggo"]
[Result "0-1"]
[WhiteElo "2315"]
[BlackElo "2494"]

1. d4 Nf6 2. Bf4 d5 3. a3 g6 4. e3 Bd7 5. g4 Bxg4 6. Qd2 Ne4 7. Qd3 g5 8. Qb5+
c6 9. Qa4 gxf4 10. exf4 Qb6 11. f3 Qxb2 12. fxg4 Qxa1 13. Ke2 Qxb1 14. Nf3 Nc3+
15. Kd3 Nxa4 16. Nd2 Qe1 17. Nf3 Nb2# 0-1

[Event "AUTO-ELITE-2160"]
[Site "http://www.queenalice.com/game.php?id=1585766"]
[Date "2019.10.5"]
[Round "1"]
[White "preggo"]
[Black "choto"]
[Result "1-0"]
[WhiteElo "2489"]
[BlackElo "2322"]

1. e4 e5 2. f4 Bd6 3. Nf3 exf4 4. d3 f6 5. d4 Bb4+ 6. Nc3 Ne7 7. Bc4 Bxc3+ 8.
bxc3 d6 9. Bxf4 c6 10. O-O Nd7 11. e5 Nf5 12. exd6 Ne7 13. g3 Ng8 14. Qe2+ Ne7
15. Rae1 b5 16. dxe7 Qxe7 17. Qxe7# 1-0